000 00510nam a2200169Ia 4500
999 _c21299
_d21299
003 OSt
005 20200602140556.0
008 190216s9999||||xx |||||||||||||| ||und||
020 _a9788183871136
040 _coclc
082 _a338.95484
_bBHA/R
100 _aBharihoke, Neera
_92490
245 0 _aRights Of Hindu And Muslim Women /
_cNeera Bharihoke
260 _bSerials Publications,
_aNew Delhi:
_c2008.
300 _a397p
942 _cBK
_2ddc
_h338.95484
_iBHA/R
_k338.95484
_mBHA/R